=LDR 00000nam 2200000 4500 =001 INLIS000000000011672 =005 20130612103221 =008 ***********************************Ind** =035 ##$$0010-061300000011672 =041 ##$$a Ind =082 ##$$a 720.095 984 41 =090 ##$$a 720.095 984 41, Sem r =100 ##$$a Semar, Syamsiar =245 ##$$a Ruamah adat Banjar, oleh Drs.Syamsiar Seman =260 ##$$a 1982 $b jakarta proyek Penerbitan Buku Sastra Indonesia dan daerah =300 ##$$a 136.hlm., ilus, 21 cm =650 ##$$a Arsitektur =650 ##$$a Banjar =850 ##$$a NBPNMAT